000 00435ntaaa2200169 4500
003 01
005 20251027202636.0
008 0714s1973 ag 01
040 _aAR-BaBN
_bspa
_cAR-BaBN
_eaacr
_dRIC
082 _a372.2100 M58
100 _aMíguez, Noemí N de
_925774
245 _aEl jardín de infantes
250 _a1 ed.
260 _aBuenos Aires :
_bConsejo Unido de Educación Cristiana,
_c1968
300 _a71 p
942 _cBK
999 _c21564
_d21564